Southville International School and Colleges
Your cart is empty.
  • Cart
  • Lists
    Public lists Eva Luna New books Lux_list list_1
    Your lists Log in to create your own lists
  • Log in to your account
  • Your cookies
  • Search history
Southville International School and Colleges
  • Advanced search
  • Recent comments
  • Most popular
  • Libraries

Log in to your account

Log in with GOOGLE


If you do not have an external account, but do have a local account, you can still log in:

  1. Home
  2. MARC view: School stories :
Normal view MARC view ISBD view

School stories : (Record no. 8003)

[ view plain ]
MARC details
000 -LEADER
fixed length control field 00587nam a22001937a 4500
003 - CONTROL NUMBER IDENTIFIER
control field OSt
005 - DATE AND TIME OF LATEST TRANSACTION
control field 20140310182001.0
008 - FIXED-LENGTH DATA ELEMENTS--GENERAL INFORMATION
fixed length control field 130729t xxu||||| |||| 00| 0 eng d
020 ## - INTERNATIONAL STANDARD BOOK NUMBER
International Standard Book Number 0752509179
050 ## - LIBRARY OF CONGRESS CALL NUMBER
Classification number PZ 7
Item number .B839 1996
082 ## - DEWEY DECIMAL CLASSIFICATION NUMBER
Classification number KF
Item number B75s 1996
100 ## - MAIN ENTRY--PERSONAL NAME
Personal name Brent-Dyer, Eleonor M.
9 (RLIN) 5097
245 ## - TITLE STATEMENT
Title School stories :
Remainder of title Trials for the Chalet school ; Theodora and the Chalet school /
Statement of responsibility, etc Eleonor M. Brent-Dyer.
260 ## - PUBLICATION, DISTRIBUTION, ETC. (IMPRINT)
Place of publication, distribution, etc London :
Name of publisher, distributor, etc Parragon Book Service Ltd,
Date of publication, distribution, etc c1996.
300 ## - PHYSICAL DESCRIPTION
Extent 316 p.
Dimensions 18 cm.
541 ## - IMMEDIATE SOURCE OF ACQUISITION NOTE
-- 1
562 ## - COPY AND VERSION IDENTIFICATION NOTE
Number of copies 1
942 ## - ADDED ENTRY ELEMENTS (KOHA)
Source of classification or shelving scheme Library of Congress Classification
Koha item type
Call number prefix
Holdings
Withdrawn status Lost status Source of classification or shelving scheme Damaged status Home library Current library Shelving location Date acquired Total Checkouts Full call number Barcode Date last seen Copy number Price effective from Koha item type
    Library of Congress Classification   Luxembourg Library Luxembourg Library Kids Fiction Section 07/29/2013   PZ 7 .B839 1996 4544 08/13/2013 1 07/29/2013 Books

School stories :

APA

Brent-Dyer E. M., . (1996). School stories. London: Parragon Book Service Ltd.

Chicago

Brent-Dyer Eleonor M, . 1996. School stories. London: Parragon Book Service Ltd.

Harvard

Brent-Dyer E. M., . (1996). School stories. London: Parragon Book Service Ltd.

MLA

Brent-Dyer Eleonor M, . School stories. London: Parragon Book Service Ltd. 1996.

  • Place hold
  • Print
  • Cite
  • Add to your cart (remove)
  • Save record
    BIBTEX Dublin Core MARCXML MARC (non-Unicode/MARC-8) MARC (Unicode/UTF-8) MARC (Unicode/UTF-8, Standard) MODS (XML) RIS
  • More searches
    Search for this title in:
    Other Libraries (WorldCat) Other Databases (Google Scholar) Online Stores (Bookfinder.com) Open Library (openlibrary.org)

Exporting to Dublin Core...

SOUTHVILLE LIBRARY

Southville International School and Colleges Library

1281 Tropical Ave. Cor. Luxembourg St., BF Homes International, Las Pinas City

Tel. No. 8256374 / 252358 Loc. 117/146

Powered by Koha